Irrigation Policy In kenya and Zimbabwe (Record no. 2944)

MARC details
000 -LEADER
fixed length control field 00438nam a22001217a 4500
008 - FIXED-LENGTH DATA ELEMENTS--GENERAL INFORMATION
fixed length control field 230629b xxu||||| |||| 00| 0 eng d
082 ## - DEWEY DECIMAL CLASSIFICATION NUMBER
Classification number 333.916
Item number RUI
100 ## - MAIN ENTRY--PERSONAL NAME
Titles and words associated with a name George M Ruigu
245 ## - TITLE STATEMENT
Title Irrigation Policy In kenya and Zimbabwe
Remainder of title Proceedings of the second intermediate seminar on irrigation Farming in Kenya and Zimbabwe Held at Juliasdale, Harare, 26-30 May, 1987`
300 ## - PHYSICAL DESCRIPTION
Extent 420p
700 ## - ADDED ENTRY--PERSONAL NAME
Titles and other words associated with a name Mandivamba Rukuni
942 ## - ADDED ENTRY ELEMENTS (KOHA)
Source of classification or shelving scheme Dewey Decimal Classification
Koha item type Books
Holdings
Withdrawn status Lost status Source of classification or shelving scheme Damaged status Not for loan Home library Current library Date acquired Total Checkouts Full call number Barcode Date last seen Price effective from Koha item type
    Dewey Decimal Classification     County Hall Archives County Hall Archives 06/29/2023   333.916 RUI 10001202 06/29/2023 06/29/2023 Books
LIBRARY OPENING HOURS

When the Parliament is sitting: 8.00a.m - 7.00p.m or until the house adjourns
Mondays and Fridays and when the House is on Recess:  8.00a.m - 5.00p.m
Closed on Weekends and Public Holidays

Online Public Access Catalog (OPAC)
Website: http://www.parliament.go.ke
Bunge Library: https://libraryir.parliament.go.ke
Contact: library@parliament.go.ke | Tel no: (254-2)2221291 or 2848000 Ext 5043